| 000 | 01001nam a2200229Ia 4500 | ||
|---|---|---|---|
| 999 |
_c56060 _d56060 |
||
| 001 | 23160 | ||
| 003 | GE_BSU | ||
| 005 | 20230721111401.0 | ||
| 008 | 181216s1982||||ge |||||||||||||| ||geo|| | ||
| 040 | _cGE_BSU | ||
| 041 | _ageo | ||
| 080 | _a821.111(73)-32 პ-47 | ||
| 100 |
_aპო, ედგარ ალან _919485 |
||
| 245 |
_a17 მოთხრობა / _cედგარ ალან პო ; ინგლ. თარგმნა ბოლოსიტყვ. და შენიშვნები დაურთო ზ. კილაძემ ; რედ. გ. ჭუმბურიძე. |
||
| 264 |
_aთბილისი : _bსაბჭ. საქართველო, _c1982. |
||
| 300 |
_a239 გვ. : _bილ. ; _c20 სმ. |
||
| 541 | _h2 ლ. | ||
| 653 | _a17 მოთხრობა | ||
| 700 |
_aკილაძე, ზ. _eმთარგმნელი _916222 |
||
| 700 |
_aჭუმბურიძე, გ. _eრედაქტორი _919409 |
||
| 942 |
_cBK _2udc |
||